Population 1.3 billion : (Record no. 5586)

MARC details
000 -LEADER
fixed length control field 01092nam a22002897a 4500
001 - CONTROL NUMBER
control field 5586
003 - CONTROL NUMBER IDENTIFIER
control field FISKH
005 - DATE AND TIME OF LATEST TRANSACTION
control field 20241219102241.0
008 - FIXED-LENGTH DATA ELEMENTS--GENERAL INFORMATION
fixed length control field 241219b cb ||||| |||| 00| 0 eng d
020 ## - INTERNATIONAL STANDARD BOOK NUMBER
International Standard Book Number 9780531220023
040 ## - CATALOGING SOURCE
Original cataloging agency FISKH
Language of cataloging eng
Transcribing agency FISKH
Modifying agency FISKH
050 ## - LIBRARY OF CONGRESS CALL NUMBER
Classification number DS779.P67
082 ## - DEWEY DECIMAL CLASSIFICATION NUMBER
Classification number 951.05
100 ## - MAIN ENTRY--PERSONAL NAME
Personal name Scholastic Inc.
245 ## - TITLE STATEMENT
Title Population 1.3 billion :
Remainder of title China becomes a super superpower /
Statement of responsibility, etc. Scholastic Inc.
260 ## - PUBLICATION, DISTRIBUTION, ETC.
Place of publication, distribution, etc. New York :
Name of publisher, distributor, etc. Scholastic ;
Date of publication, distribution, etc. 2009.
300 ## - PHYSICAL DESCRIPTION
Extent 64 pages :
Other physical details color illustrations, maps ;
Dimensions 24 cm .
490 ## - SERIES STATEMENT
Series statement 24/7: Behind the headlines special editions
505 ## - FORMATTED CONTENTS NOTE
Formatted contents note Z <br/>
520 ## - SUMMARY, ETC.
Summary, etc. China's leader, Deng Xiaoping transformed his struggling nation into a struggling superpower. Today, young people in China can buy things their parents never had as kids, and their parents can own homes, buy cars, and run their own businesses
521 8# - TARGET AUDIENCE NOTE
Target audience note 910 <br/>
Source Lexile <br/>
521 8# - TARGET AUDIENCE NOTE
Target audience note Z <br/>
Source Raz-Plus <br/>
650 ## - SUBJECT ADDED ENTRY--TOPICAL TERM
Topical term or geographic name entry element China-History-2002
Form subdivision Juvenile literature
700 ## - ADDED ENTRY--PERSONAL NAME
Personal name Herring, Red
Relator term Book designer
942 ## - ADDED ENTRY ELEMENTS (KOHA)
Source of classification or shelving scheme Dewey Decimal Classification
Koha item type Books
Suppress in OPAC No
Holdings
Withdrawn status Lost status Source of classification or shelving scheme Damaged status Not for loan Home library Current library Shelving location Date acquired Total Checkouts Full call number Barcode Date last seen Copy number Price effective from Koha item type
    Dewey Decimal Classification     Footprints International School Library Network Toul Kork Campus Footprints International School Library Network Toul Kork Campus TTP Secondary Non-Fiction Bookshelves 12/19/2024   SCH 951.05 DS779.P67 FISSE00337 12/19/2024 1 12/19/2024 Books
    Dewey Decimal Classification     Footprints International School Library Network Toul Kork Campus Footprints International School Library Network Toul Kork Campus TTP Secondary Non-Fiction Bookshelves 12/19/2024   SCH 951.05 DS779.P67 FISSE00329 12/19/2024 2 12/19/2024 Books